1290 1836 1606 1287 1867 1937 1350 1772 1483 1513 1814 1474 1136 1355 1237 1613 1047 1364 1038 1367 1879 1977 1973 1063 1924 1330 1620 1620 1940 1820 1281 1704 1882 1981 1721 1825 1653 1829 1550 1080 1468 1211 1216 1844 1807 1332 1095 1415 1104 1898 1745 1425 1523 1021 1145 1547 1513 1702 1590 1885 1208 1483 1252 1282 1295 1182 1902 1437 1861 1499 1560 1620 1805 1803 1868 1791 1903 1381 1173 1512 1843 1507 1301 1170 1402 1168 1716 1036 1111 1917 1525 1055 1982 1584 1099 1622 1791 1688 1073 BCNSPRNW ULIB Ver.6.0+V

เปลี่ยนเป็นภาษาไทย

Change to English
 แสดงรายละเอียดบรรณานุกรม
  กลับหน้าหลัก

Brief Record : Get Marc (ISO 2709) : E-mail record : QR code < ปิดหน้าต่าง
LEADER : 00000nam 2200000uu 4500
001    13399120060
003     ULIB
008    120828s2552||||th 000 0 tha d
020    ^a9786165000130
090    ^aนว.^bธ521ล 2552
100 0  ^aมักเน
245 00 ^aเล่ห์แค้น แผนรัก/^cธารใส
250    ^aพิมพ์ครั้งที่ 1
260    ^aกรุงเทพฯ :^bพิมพ์คำ,^c2552
300    ^a418 หน้า
945    ^p270^l0^i16289
995    ^aกัณชพร
999    ^aใช้งานได้ทุกระบบ
รายการนี้ยังไม่มีแท็ก
คุณยังไม่ได้ล็อกอิน คุณสามารถมีกิจกรรมร่วมกับเว็บไซต์ได้ แต่ต้องล็อกอินก่อน ::
  ล็อกอิน

รายการสื่อสารสนเทศ

ลำดับที่ ประเภท เลขเรียก/บาร์โค้ด สถานที่ สถานะ
1. นวนิยาย
นวนิยาย
นว. ธ521ล 2552  
  Barcode: 16289
ห้องสมุดวิทยาเขตสวรรค์ประชารักษ์
►นวนิยาย
บนชั้น
  ขอยืม

รายการใกล้เคียง
    ผู้แต่ง [มักเน]

BibComment


ยังไม่เคยถูกคอมเมนท์

คอมเมนท์ทรัพยากรรายการนี้
  คอมเมนท์: เล่ห์แค้น แผนรัก..


 Copyright 2026. Bcnsprnw @Library